| 000 | 00772nam a2200241 i 4500 | ||
|---|---|---|---|
| 001 | 000032274 | ||
| 003 | DO-SdBNP | ||
| 005 | 20241016111657.0 | ||
| 007 | ta | ||
| 008 | 110714s1942 ag 000 0 spa d | ||
| 040 |
_aDO-SdBNP _bspa _cBNPHU _erda |
||
| 049 | _aBNPD | ||
| 082 | 4 |
_axxx _bM542L _222 |
|
| 100 | 1 |
_aMenéndez Pidal, Ramón, _eautor _4aut. _942272 |
|
| 245 | 1 | 3 |
_aLa lengua de Cristóbal Colón : _bEl estilo de Santa Teresa y otros estudios sobre el Siglo XVI/ _cRamón Menéndez Pidal |
| 264 | 4 |
_aBuenos Aires, Argentina : _bEditora Espasa-Calpe, _c1942. |
|
| 300 |
_a153 páginas ; _c19 cm. |
||
| 336 |
_atexto _btxt _2rdacontent |
||
| 337 |
_asin mediación _bn _2rdamedia |
||
| 338 |
_avolumen _bnc _2rdacarrier |
||
| 490 | 1 | _aAustral | |
| 942 |
_2ddc _cLBS1 |
||
| 999 |
_c31765 _d31765 |
||